Normal view MARC view

Entry Nome pessoal

Number of records used in: 1

001 - NÚMERO DE CONTROLE

  • campo de controle: 836

003 - IDENTIFICADOR DO NÚMERO DE CONTROLE

  • campo de controle: Br

005 - DATA E HORÁRIO DA ÚLTIMA TRANSAÇÃO

  • campo de controle: 20250414075403.0

008 - CAMPO DE DADOS FIXOS

  • campo de controle de tamanho fixo: 970909n| acnnnaab| aaaa |d

035 ## - NÚMERO DE CONTROLE DO SISTEMA

  • Número de Controle do Sistema: 97121115053768E16

040 ## - FONTE DA CATALOGAÇÃO

  • Instituição da catalogação original: Br
  • Instituição que transcreveu o registro: Br

100 1# - CABEÇALHO--NOME PESSOAL

  • Nome pessoal: Furtado, Odair.

665 ## - NOTA DE REFERÊNCIA HISTÓRICA

  • Histórico de referências: Sec. de: Bock, Ana Mercês Bahia. Psicologias... 1989.

670 ## - FONTE POSITIVA DOS DADOS

  • Citação da fonte positiva dos dados: Seu: Trabalho e solidariedade. 2011
  • Dados encontrados na fonte localizada no subcampo: (p.127: professor na Fac. de Ciências Humanas e da Saúde no curso de psicologia da PUC-SP; desenvolve pesquisa no campo da psicologia sócio-histórica)

670 ## - FONTE POSITIVA DOS DADOS

  • Citação da fonte positiva dos dados: Liv. cat.

675 ## - FONTE NEGATIVA DOS DADOS

  • Citação da fonte positiva dos dados: Cab. unif. nomes

Powered by Koha